|
|
|
|
| LEADER |
00000cam a2200000 a 4500 |
| 001 |
54699 |
| 003 |
CZ-ZlUTB |
| 005 |
20240829142812.0 |
| 008 |
080904s2009 xxua 001 0 eng d |
| 020 |
|
|
|a 9780596516253
|q (brož.)
|
| 040 |
|
|
|a StDuBDS
|d SzZuIDS NEBIS FHNW-TW
|d ZLD002
|
| 072 |
|
7 |
|a 004.7
|x Počítačové sítě
|2 Konspekt
|9 23
|
| 080 |
|
|
|a 004.738.12:004.41
|2 MRF
|
| 080 |
|
|
|a (035)
|2 MRF
|
| 100 |
1 |
|
|a Scott, Bill
|7 utb2010546702
|4 aut
|
| 245 |
1 |
0 |
|a Designing web interfaces :
|b [principles and patterns for rich interactions] /
|c Bill Scott and Theresa Neil
|
| 260 |
|
|
|a Sebastopol :
|b O'Reilly,
|c 2009
|
| 300 |
|
|
|a xix, 309 s. :
|b il. ;
|c 23 cm
|
| 504 |
|
|
|a Obsahuje bibliografii a rejstřík
|
| 650 |
0 |
7 |
|a WWW design
|7 ph249420
|2 czenas
|
| 650 |
0 |
9 |
|a web design
|2 eczenas
|
| 655 |
|
7 |
|a příručky
|7 fd133209
|2 czenas
|
| 655 |
|
9 |
|a handbooks, manuals, etc
|2 eczenas
|
| 700 |
1 |
|
|a Neil, Theresa
|7 utb2010546703
|4 aut
|
| 910 |
|
|
|a ZLD002
|
| 952 |
|
|
|0 0
|1 0
|4 0
|6 0047SCOTTB
|7 0
|8 BOOK
|9 100277
|a UTBZL
|b UTBZL
|c 012
|d 2010-01-21
|l 2
|m 1
|o 004.7/SCOTT,B.
|p 420010129499
|q 2028-12-21
|r 2024-10-23 00:00:00
|s 2024-10-23
|v 1700.00
|w 2019-08-26
|x změnit signaturu | N:nákup | 20100920
|y 08
|
| 992 |
|
|
|a BK
|b SK
|d 1
|
| 999 |
|
|
|c 54699
|d 54699
|